Korszerü [!Korszerű] didaktikai törekvések és a felnőttoktatás
Elmentve itt :
| Szerző: | |
|---|---|
| Testületi szerző: | |
| Dokumentumtípus: | Könyv része |
| Megjelent: |
1973
|
| Sorozat: | Szegedi Nyári Egyetem : művelődéselmélet
2 Andragógia - felnőttoktatás : összeállítás a TIT Szegedi Művelődéselméleti Nyári Egyetemén elhangzott előadásokból 2 |
| Kulcsszavak: | Neveléslélektan, Felnőttoktatás - módszertan |
| Tárgyszavak: | |
| Online Access: | http://acta.bibl.u-szeged.hu/44807 |
| LEADER | 00995naa a2200229 i 4500 | ||
|---|---|---|---|
| 001 | acta44807 | ||
| 005 | 20220127130630.0 | ||
| 008 | 170608s1973 hu o 0|| hun d | ||
| 022 | |a 0139-4118 | ||
| 040 | |a SZTE Egyetemi Kiadványok Repozitórium |b hun | ||
| 041 | |a hun | ||
| 100 | 1 | |a Kiss Árpád | |
| 245 | 1 | 0 | |a Korszerü [!Korszerű] didaktikai törekvések és a felnőttoktatás |h [elektronikus dokumentum] / |c Kiss Árpád |
| 260 | |c 1973 | ||
| 300 | |a 265-292 | ||
| 490 | 0 | |a Szegedi Nyári Egyetem : művelődéselmélet |v 2 | |
| 490 | 0 | |a Andragógia - felnőttoktatás : összeállítás a TIT Szegedi Művelődéselméleti Nyári Egyetemén elhangzott előadásokból |v 2 | |
| 650 | 4 | |a Társadalomtudományok | |
| 650 | 4 | |a Oktatástudomány | |
| 695 | |a Neveléslélektan, Felnőttoktatás - módszertan | ||
| 710 | |a TIT Szegedi Művelődéselméleti Nyári Egyetem (2.) (1973) (Szeged) | ||
| 856 | 4 | 0 | |u http://acta.bibl.u-szeged.hu/44807/1/sznye_muveledoselmelet_002_265-292.pdf |z Dokumentum-elérés |